[Event "Kerkinitida 2021"]
[Site "Yevpatoria"]
[Date "2021.10.22"]
[Round "4.1"]
[White "Chos, Alexey"]
[Black "Truskavetsky, Alexandr"]
[Result "0-1"]
[WhiteElo "2296"]
[BlackElo "2371"]
[Annotator "TA"]
[PlyCount "79"]
[EventDate "2021.10.19"]
[EventType "swiss"]
[SourceTitle "playchess.com"]
[Source "ChessBase"]
[SourceQuality "1"]

{[%evp 18,79,0,-39,0,0,32,0,43,40,44,52,100,73,70,66,58,46,74,49,66,65,75,47,45,40,22,12,13,28,23,2,12,0,0,0,0,-64,-50,-53,-30,-337,-327,-327,-325,-336,-300,-310,-252,-261,-249,-261,-261,-643,-642,-516,-668,-794,-794,-787,-761,-966,-974,-29982]} 1. d4 f5 2. e4 fxe4 3. Nc3 Nf6 4. Bg5 Nc6 5. d5 Ne5 6. Qd4 Nf7 7. Bxf6 exf6 8. Nxe4 Be7 9. O-O-O O-O 10. Ng3 g6 {A83: Dutch Defence: Staunton Gambit with 3 Nc3 Nf6 4 Bg5.} (10... c5 $15 11. Qa4 d6) 11. h4 $14 f5 {[#]} 12. d6 $146 ({Predecessor:} 12. h5 Bg5+ 13. f4 Bf6 14. Qd2 d6 15. Nf3 Kg7 16. hxg6 hxg6 17. Bc4 b5 18. Bb3 a5 19. c3 a4 20. Bc2 Bd7 21. a3 Re8 22. Nd4 Bxd4 23. Qxd4+ Qf6 24. Rh7+ {1-0 (24) Horvath,K (2247)-Rakaczki,C (2081) Debrecen 2008}) 12... Bf6 {The position is equal.} 13. dxc7 Qe7 14. Qd5 Qb4 15. c3 Qf4+ 16. Rd2 Qxc7 17. Nf3 Qc6 18. Bc4 {And now Qd3 would win.} Qxd5 19. Bxd5 Kg7 20. Re1 Rb8 21. Kc2 b5 {[%cal Bb7b5,Bb5b4][%mdl 32]} 22. h5 b4 23. c4 a5 24. hxg6 hxg6 25. Bxf7 Rxf7 26. Re8 Rf8 27. Ree2 (27. Rxf8 $11 Kxf8 28. b3) 27... a4 28. Rd3 Rb7 29. Ne5 $2 {[%mdl 8192] [#] White does not recover from this.} (29. Rd6 $11 {and White is okay.}) 29... f4 $19 30. Nxg6 Kxg6 31. Ne4 Rc7 32. b3 axb3+ 33. Kxb3 Ba6 34. Nd6 Ra8 35. Re4 $2 (35. f3) 35... Bb7 {Black is clearly winning.} 36. Rxf4 Ra3+ 37. Kc2 Rxd3 38. Kxd3 Be5 {[%mdl 64] [#] Double Attack} 39. g3 Bxd6 40. Kd4 {Weighted Error Value: White=0.58/Black=0.11} 0-1

[Event "Kerkinitida 2021"]
[Site "Yevpatoria"]
[Date "2021.10.22"]
[Round "4.2"]
[White "Triapishko, Alexandr"]
[Black "Brusilovskiy, Boris"]
[Result "1-0"]
[WhiteElo "2506"]
[BlackElo "2067"]
[Annotator "TA"]
[PlyCount "45"]
[EventDate "2021.10.19"]
[EventType "swiss"]
[SourceTitle "playchess.com"]
[Source "ChessBase"]
[SourceQuality "1"]

{[%evp 9,45,50,64,41,50,43,49,50,63,45,77,69,73,59,71,69,86,66,105,72,79,63,72,53,70,49,114,114,125,109,192,175,185,121,1066,1033,1181,1145]} 1. c4 d5 2. cxd5 c6 3. dxc6 Nxc6 4. Nc3 e5 5. e3 Nf6 6. a3 {[#] A10: English Opening: Unusual Replies for Black.} Bd6 $146 ({Predecessor:} 6... Be7 7. Qc2 O-O 8. Nf3 h6 9. Be2 Be6 10. O-O Qd7 11. d4 exd4 12. Rd1 Bf5 {½-½ (41) Biermann,F (2041)-Yilmaz,A (1899) Germany 2018}) 7. d3 O-O 8. Be2 {White is slightly better.} Be6 9. Nf3 h6 10. O-O Rc8 11. Ne4 Bb8 12. b4 Qe7 13. Bb2 Rfd8 {Strongly threatening ...Nxe4.} 14. Nxf6+ Qxf6 15. Rc1 Qg6 16. b5 e4 17. bxc6 (17. Nd2 {is more complex.} Bh3 18. g3 Bxf1 19. Bxf1 Ne7 20. Nxe4 Rxc1 21. Qxc1 h5 22. Be2) 17... exf3 (17... exd3 $14 18. cxb7 Rxc1 19. Bxc1 Rd7) 18. Bxf3 $16 bxc6 19. Be4 $36 {[%mdl 2048] White has strong initiative.} Qg5 (19... Bf5 $16 {might work better.} 20. Qa4 Bxe4 21. dxe4 (21. Qxe4 Rxd3 22. Qxg6 fxg6 $14) 21... Bc7) 20. f4 $18 ({Not} 20. Bxc6 $2 Rxc6 $1 {[%mdl 512]} 21. Qd2 (21. Rxc6 $2 {too greedy.} Bd5 $19 {[%mdl 64] Double Attack}) 21... Ra6 $19) 20... Qb5 21. Rb1 (21. Bd4 $18 {f5 is the strong threat.} f5 {[#]} 22. Rc5 $1) 21... Ba2 $2 {[%mdl 8192]} (21... Qc5 $16) 22. Qg4 {[%csl Gb2][%cal Rg4g7]} g6 23. Bxg6 {Weighted Error Value: White=0.14/Black=0.19} 1-0

[Event "Kerkinitida 2021"]
[Site "Yevpatoria"]
[Date "2021.10.22"]
[Round "4.3"]
[White "Kryakvin, Dmitry"]
[Black "Baranov, Jury"]
[Result "1-0"]
[WhiteElo "2570"]
[BlackElo "2147"]
[Annotator "TA"]
[PlyCount "59"]
[EventDate "2021.10.19"]
[EventType "swiss"]
[SourceTitle "playchess.com"]
[Source "ChessBase"]
[SourceQuality "1"]

{[%evp 10,59,42,41,39,33,35,39,39,33,41,41,41,33,34,17,56,41,43,53,60,13,33,16,84,79,91,89,91,81,77,58,70,50,70,59,48,49,91,91,200,110,135,94,212,212,257,147,340,354,500,481]} 1. d4 Nf6 2. c4 d6 3. Nf3 g6 4. Nc3 Bf5 5. Nh4 Bd7 6. e4 Bg7 {E61: King's Indian: Early deviations for White, including Smyslov System.} 7. Be2 O-O 8. Nf3 e5 {White is slightly better.} 9. O-O exd4 10. Nxd4 Re8 11. f3 Nc6 {aiming for ...Nxd4.} 12. Nc2 a6 13. Be3 Be6 14. Qd2 Nd7 {[#]} 15. Rac1 $146 ({Predecessor:} 15. b3 Rc8 16. Rac1 f5 17. exf5 gxf5 18. f4 Qf6 19. Nd5 Qf7 20. Bf3 Nc5 21. Nd4 Kh8 22. Rce1 Bd7 23. Nc3 Rxe3 24. Nxc6 Rxe1 25. Rxe1 Bxc6 {0-1 (39) Meissner,F (2362)-Bryzgalin,K (2449) Chess.com INT 2020}) 15... f5 16. Bg5 Bf6 (16... Qb8 $11) 17. Bxf6 $16 Nxf6 18. exf5 $1 Bxf5 19. Ne3 Be6 20. Rfe1 Qe7 21. Ned5 Qg7 22. f4 Bxd5 23. cxd5 Ne7 24. g4 Kh8 (24... Qf7 $16 {was necessary.}) 25. Bf3 ({White should play} 25. g5 $1 $18 {[%cal Rg5f6]} Nfg8 26. Bg4) 25... Rad8 26. Re6 Nc8 {[#]} (26... c6 $16 {is a better defense.}) 27. g5 $1 $18 {[%cal Rg5f6]} Ng8 {[#]} 28. Bg4 ({White has to play} 28. Rxe8 $1 $18 Rxe8 29. Ne2) 28... Re7 $2 (28... c5 $16 29. dxc6 bxc6 30. Rxe8 Rxe8) 29. Ne2 Nb6 (29... Rxe6 {might work better.} 30. Bxe6 (30. dxe6 c6 $16) 30... Na7) 30. Rxe7 {Weighted Error Value: White=0.13/Black=0.35} 1-0

[Event "Kerkinitida 2021"]
[Site "Yevpatoria"]
[Date "2021.10.22"]
[Round "4.4"]
[White "Polukhin, Alexander"]
[Black "Demidov, Mikhail"]
[Result "0-1"]
[WhiteElo "2152"]
[BlackElo "2551"]
[Annotator "TA"]
[PlyCount "74"]
[EventDate "2021.10.19"]
[EventType "swiss"]
[SourceTitle "playchess.com"]
[Source "ChessBase"]
[SourceQuality "1"]

{[%evp 10,74,1,0,17,0,0,0,-5,-8,18,-26,-33,-31,-45,-52,-56,-65,-32,-58,-72,-54,-58,-105,-102,-94,-96,-142,-146,-176,-177,-176,-139,-133,-143,-160,-169,-182,-197,-187,-180,-287,-275,-285,-296,-287,-308,-302,-354,-330,-341,-337,-317,-520,-551,-537,-541,-642,-491,-772,-588,-737,-542,-1120,-1042,-1408,-1405]} 1. d4 d6 2. Bf4 g6 3. e3 Bg7 4. Nf3 Nd7 5. h3 e5 6. Bh2 Nh6 $1 {[%mdl 4] is now more promising than 6...Qe7. A41: 1 d4 d6: Tartakower System and Modern Defence.} 7. Be2 O-O 8. c4 f5 {The position is equal.} 9. Nc3 c6 10. dxe5 dxe5 {[#]} 11. Qc2 $146 ({Predecessor:} 11. O-O Qe7 12. Qc2 Nf7 13. a3 Nb6 14. Rfd1 Be6 15. Na4 Nd7 16. Nc3 Rfc8 17. Rd2 {½-½ (44) Oleniak,W (1806)-Maruszczak,J (1965) Police 2016}) 11... Qe7 12. O-O-O Nc5 13. Nd2 f4 {Strongly threatening ...Nf5.} 14. g4 fxg3 $1 15. Bxg3 Nf5 16. h4 Nxg3 17. fxg3 Bh6 18. h5 {next b4 is good for White.} Bxe3 {White must now prevent ...Bf5.} 19. g4 {[#]} g5 20. Kb1 Ne6 21. Qe4 Bd4 22. Nb3 Rf4 23. Qc2 Bd7 24. Ne4 a5 {[%cal Ba7a5,Ba5a4,Ba4a3][%mdl 32]} 25. Ng3 {[#]} (25. a3 $142) 25... a4 $1 $19 {[%cal Ra4b3]} 26. Nc1 Nc5 27. Nd3 Nxd3 28. Qxd3 a3 (28... Bxg4 29. Bxg4 Rxg4 30. Nf5 $19) 29. b3 Raf8 ({Don't do} 29... Bxg4 30. Bxg4 Rxg4 31. Ne2 $19) 30. Rhf1 c5 ({Inferior is} 30... Bxg4 31. Bxg4 Rxg4 32. Nf5 $11) 31. Bf3 $2 (31. Rxf4 {might work better.} Rxf4 32. Bf3) 31... e4 {[%mdl 64] Deflection. Black is clearly winning.} 32. Bxe4 Bxg4 33. Rde1 Rxf1 34. Nxf1 (34. Rxf1 $142 Rxf1+ 35. Qxf1) 34... Kh8 35. Ne3 Bxe3 36. Qxe3 Qe5 {[%csl Ga3][%cal Re5b2]} 37. Qd2 Re8 {Weighted Error Value: White=0.61/Black=0.11} 0-1

[Event "Kerkinitida 2021"]
[Site "Yevpatoria"]
[Date "2021.10.22"]
[Round "4.5"]
[White "Polukhin, Sergey"]
[Black "Tomilova, Elena"]
[Result "1/2-1/2"]
[WhiteElo "1410"]
[BlackElo "2256"]
[Annotator "TA"]
[PlyCount "94"]
[EventDate "2021.10.19"]
[EventType "swiss"]
[SourceTitle "playchess.com"]
[Source "ChessBase"]
[SourceQuality "1"]

{[%evp 16,94,8,3,12,13,40,20,22,14,20,35,21,33,57,15,11,-37,-32,-33,0,0,59,-83,-73,-80,-68,-75,-75,-88,-83,-86,-87,-87,-97,-172,-157,-256,-254,-313,-307,-360,-362,-351,-358,-350,-353,-388,-339,-328,-333,-335,-329,-413,-371,-346,-319,-405,-403,-421,-422,-401,-409,-380,-379,-527,-521,-843,-796,-909,-891,-802,-729,-1661,-1614,-1640,-1634,-1551,-1456,-1473,-1336]} 1. e4 e6 2. d4 d5 3. exd5 exd5 4. Nf3 Nc6 5. Bd3 Bd6 6. c3 Nge7 7. Qc2 Bg4 8. Nbd2 Qd7 9. O-O f6 {C01: French: Exchange Variation.} 10. b4 {[%cal Bb2b4,Bb4b5][%mdl 32] [#]} (10. Bxh7 g5 $17) 10... a6 $146 ({Predecessor:} 10... O-O-O 11. b5 Na5 12. Qa4 b6 13. Ba3 Kb8 14. Bxd6 Qxd6 15. Qb4 Bf5 16. Rfe1 Bxd3 17. Rxe7 Rhg8 18. Re3 Bf5 19. Nh4 Bc8 20. Qb1 Qd7 21. Qd3 g5 22. Nhf3 Qf5 23. Ne1 {½-½ (23) Boehnisch,M (2297)-Stein,R (2253) Germany 2017}) 11. a4 (11. Bxh7 O-O-O $17) 11... Kf7 {The position is equal.} 12. Ba3 (12. Bxh7 $2 g6 $19) 12... Ng6 13. b5 Nce7 14. Bxd6 Qxd6 15. c4 Nf4 16. cxd5 {Threatens to win with Nc4.} Nxd3 ({Reject} 16... Nexd5 $6 17. bxa6 Rxa6 18. Bxa6 $16) 17. Qxd3 {Black must now prevent Ne5+!} Qxd5 18. Rac1 Bf5 (18... axb5 $11 19. axb5 (19. Rxc7 Rhc8 $11) 19... Qd7) 19. Qc4 (19. Qa3 $14 Qd6 20. Qb2) 19... Qxc4 {White is on the road to losing.} 20. Nxc4 axb5 21. axb5 Rhd8 22. Rfd1 Ra4 23. Ne3 Rd7 24. Nxf5 Nxf5 25. d5 (25. Kf1 $17) 25... Rb4 $19 26. Rb1 {[#]} (26. Nd2 $17 {was worth a try.}) 26... Rxd5 $3 {[%mdl 512]} 27. g3 (27. Kf1 Rxd1+) 27... Rbxb5 {[%mdl 64] Overworked Piece} 28. Rxb5 Rxd1+ {[%mdl 4096] Endgame KRN-KRN} ({Not} 28... Rxb5 29. Rd7+ Ke6 30. Rxc7 $17) 29. Kg2 Nd6 30. Rc5 c6 31. g4 Ne4 32. Rc4 Ng5 33. Nh4 g6 34. Kg3 Rd6 35. f4 Rd3+ 36. Kg2 Ne6 37. Nf3 b5 {[%cal Bb7b5,Bb5a4,Ba4a3][%mdl 32]} 38. Rb4 Ra3 39. f5 Ng5 40. Ng1 Ra4 {Black is clearly winning.} 41. Rxa4 bxa4 {KN-KN} 42. Ne2 gxf5 43. gxf5 a3 {Hoping for ...a2.} 44. Nc3 {[#]} Ne4 $1 {[%mdl 512]} 45. Na2 Nd6 46. Kf3 Nxf5 47. Ke4 Ke6 {[%mdl 32768] Weighted Error Value: White=0.51/Black=0.08. An unexpected result.} 1/2-1/2

[Event "Kerkinitida 2021"]
[Site "Yevpatoria"]
[Date "2021.10.22"]
[Round "4.6"]
[White "Tihonov, Gennady"]
[Black "Cherunov, Svyatoslav"]
[Result "1/2-1/2"]
[WhiteElo "1827"]
[BlackElo "1240"]
[Annotator "NA"]
[PlyCount "84"]
[EventDate "2021.10.19"]
[EventType "swiss"]
[SourceTitle "playchess.com"]
[Source "ChessBase"]
[SourceQuality "1"]
[TimeControl "5400+30"]

1. e4 {[%emt 0:00:03]} Nc6 {[%emt 0:00:09]} 2. Nc3 {[%emt 0:00:36]} e5 {[%emt 0:00:08]} 3. Nf3 {[%emt 0:00:59]} Nf6 {[%emt 0:00:11]} 4. d4 {[%emt 0:00:50]} exd4 {[%emt 0:00:17]} 5. Nxd4 {[%emt 0:00:04]} Bb4 {[%emt 0:02:43]} 6. Nxc6 {[%emt 0:00:13]} bxc6 {[%emt 0:00:16]} 7. Bd3 {[%emt 0:00:27]} d5 {[%emt 0:00:31]} 8. exd5 {[%emt 0:00:21]} cxd5 {[%emt 0:02:26]} 9. O-O {[%emt 0:00:29]} Bxc3 {[%emt 0:00:26]} 10. bxc3 {[%emt 0:00:07]} O-O {[%emt 0:00:10]} 11. Bg5 {[%emt 0:00:54]} h6 {[%emt 0:00:13] The main line 11...h6 scores better than 11...Qd6.} 12. Bh4 {[%emt 0:00:22]} Qd6 {[%emt 0:00:59]} 13. c4 {[%emt 0:12:01]} Bb7 {[%emt 0:01:43] [#]} 14. Rb1 $146 {[%emt 0:05:55]} ({Predecessor:} 14. c5 Qc6 15. Rb1 Ne4 16. Bxe4 dxe4 17. Qg4 f5 18. Qf4 Ba6 19. Rfd1 Rf7 20. Qd2 g5 21. Bxg5 hxg5 22. Qxg5+ Rg7 23. Qxf5 e3 24. Qd5+ Qxd5 25. Rxd5 e2 26. Re5 Rd8 {0-1 (26) Ramos Martin,L (1971)-Cabrera Gonzalez,M (1906) Santa Clara 2017}) 14... Qc6 {[%emt 0:01:53]} (14... dxc4 $11 15. Bxc4 (15. Rxb7 cxd3 16. Qxd3 Qxd3 $11) 15... Bd5) 15. Qf3 {[%emt 0:03:54]} g5 {[%emt 0:02:09]} 16. cxd5 {[%emt 0:04:56]} Qxd5 {[%emt 0:01:41]} 17. Rxb7 {[%emt 0:03:43]} Qxf3 {[%emt 0:00:38]} 18. gxf3 {[%emt 0:00:02]} gxh4 {[%emt 0:00:12]} 19. Kg2 {[%emt 0:05:00]} Nd5 {[%emt 0:01:28]} 20. Kh3 {[%emt 0:01:45]} Kh8 {[%emt 0:00:49]} 21. Be4 {[%emt 0:02:54]} Nf4+ {[%emt 0:01:45]} 22. Kg4 {[%emt 0:02:50]} Ng6 {[%emt 0:02:37]} 23. f4 {[%emt 0:04:18]} Rg8 {[%emt 0:04:20]} 24. Kf3 {[%emt 0:07:13]} h3 {[%emt 0:01:14]} 25. Bxg6 {[%emt 0:03:22]} Rxg6 {[%emt 0:00:29]} 26. Rxc7 {[%emt 0:00:15]} Kg7 {[%emt 0:01:09]} 27. Rd1 {[%emt 0:03:52]} Rg2 {[%emt 0:00:59]} 28. Rdd7 {[%emt 0:01:26]} Rf8 {[%emt 0:01:01]} 29. a4 {[%emt 0:02:43]} Rxh2 {[%emt 0:00:13]} 30. Kg3 {[%emt 0:00:27]} ({Better is} 30. Rd1 $14) 30... Rh1 {[%emt 0:01:06]} 31. c4 {[%emt 0:02:23]} Kg6 {[%emt 0:01:23]} 32. Rd6+ {[%emt 0:03:15]} f6 {[%emt 0:00:31]} 33. Rcc6 {[%emt 0:03:55]} h5 {[%emt 0:01:43]} 34. Kh4 {[%emt 0:02:45]} Kg7 $11 {[%emt 0:02:47]} 35. Rd3 {[%emt 0:01:34]} Rg1 {[%emt 0:01:41]} 36. Kxh3 {[%emt 0:00:53]} h4 {[%emt 0:02:41]} 37. Rd5 {[%emt 0:01:27]} Rg8 {[%emt 0:01:20]} 38. f5 {[%emt 0:02:38]} Kh8 {[%emt 0:02:10]} 39. Kh2 {[%emt 0:01:00]} R8g2+ {[%emt 0:04:00]} 40. Kh3 {[%emt 0:00:10]} Rg8 {[%emt 0:01:23]} 41. Kh2 {[%emt 0:01:06]} R8g2+ {[%emt 0:00:31]} 42. Kh3 {[%emt 0:00:10]} Rg8 {[%emt 0:00:12]} 1/2-1/2

[Event "Kerkinitida 2021"]
[Site "Yevpatoria"]
[Date "2021.10.22"]
[Round "4.7"]
[White "Iljin, Viktor"]
[Black "Grinivetskii, Mark"]
[Result "1/2-1/2"]
[WhiteElo "1066"]
[BlackElo "1350"]
[Annotator "NA"]
[PlyCount "120"]
[EventDate "2021.10.19"]
[EventType "swiss"]
[SourceTitle "playchess.com"]
[Source "ChessBase"]
[SourceQuality "1"]
[TimeControl "5400+30"]

1. d4 {[%emt 0:00:04]} d5 {[%emt 0:00:03]} 2. c4 {[%emt 0:00:03]} e6 {[%emt 0:00:07]} 3. Nc3 {[%emt 0:00:06]} Nf6 {[%emt 0:00:08]} 4. Nf3 {[%emt 0:00:04]} Bb4 {[%emt 0:00:20]} 5. Bg5 {[%emt 0:00:25]} Nbd7 {[%emt 0:00:18]} 6. e3 {[%emt 0:00:11]} h6 {[%emt 0:00:16]} 7. Bh4 {[%emt 0:00:07]} c6 {[%emt 0:00:13]} 8. a3 {[%emt 0:00:11]} Bxc3+ {[%emt 0:00:15]} 9. bxc3 {[%emt 0:00:07]} Qa5 {[%emt 0:00:15]} 10. Qb3 {[%emt 0:00:57]} Ne4 {[%emt 0:00:47]} 11. Qb4 {[%emt 0:00:30]} Qxb4 {[%emt 0:00:44]} 12. cxb4 {[%emt 0:00:07]} O-O {[%emt 0:00:33]} 13. Bd3 {[%emt 0:00:21]} Nef6 {[%emt 0:00:22]} 14. Bxf6 {[%emt 0:00:14]} Nxf6 {[%emt 0:00:07]} 15. O-O {[%emt 0:00:20]} Re8 {[%emt 0:00:24]} 16. h3 {[%emt 0:00:17]} Nd7 {[%emt 0:00:13]} 17. cxd5 {[%emt 0:00:25]} exd5 {[%emt 0:00:12]} 18. Bf5 {[%emt 0:00:14]} Nf6 {[%emt 0:00:17]} 19. Bd3 {[%emt 0:00:05]} Bd7 {[%emt 0:00:24]} 20. a4 {[%emt 0:00:20]} Re7 {[%emt 0:00:15]} 21. Rac1 {[%emt 0:00:34]} a6 {[%emt 0:00:14]} 22. Rfe1 {[%emt 0:00:42]} Rae8 {[%emt 0:00:10]} 23. Kf1 {[%emt 0:00:08]} Kf8 {[%emt 0:01:05]} 24. Ne5 {[%emt 0:00:36]} Rd8 {[%emt 0:01:07]} 25. Rb1 {[%emt 0:00:29]} b5 {[%emt 0:00:19]} 26. axb5 {[%emt 0:00:11]} axb5 {[%emt 0:00:07]} 27. Ra1 {[%emt 0:00:03]} Be8 {[%emt 0:00:24]} 28. Ra6 {[%emt 0:00:23]} Rc7 {[%emt 0:01:00]} 29. Rc1 {[%emt 0:00:15]} Rdc8 {[%emt 0:01:28]} 30. Bf5 {[%emt 0:00:49]} Rd8 {[%emt 0:01:46]} 31. Rc5 {[%emt 0:01:50]} g6 {[%emt 0:05:18]} 32. Bd3 {[%emt 0:01:04]} Rdc8 {[%emt 0:01:05]} 33. Ra1 {[%emt 0:01:09]} Ke7 {[%emt 0:00:54]} 34. Rac1 {[%emt 0:00:29]} Kd6 {[%emt 0:00:33]} 35. Ra1 {[%emt 0:00:37]} Nd7 {[%emt 0:00:50]} 36. Nxd7 {[%emt 0:00:26]} Bxd7 {[%emt 0:00:12]} 37. Ra6 {[%emt 0:00:20]} Ke7 {[%emt 0:00:18]} 38. e4 {[%emt 0:00:25]} dxe4 {[%emt 0:00:31]} 39. Bxe4 {[%emt 0:00:25]} f5 {[%emt 0:00:40]} 40. Bf3 {[%emt 0:00:06]} h5 {[%emt 0:00:41]} 41. Ke2 {[%emt 0:02:23]} Re8 {[%emt 0:01:51]} 42. Kd3 {[%emt 0:00:27]} Rec8 {[%emt 0:00:43]} 43. g3 {[%emt 0:00:56]} Kf7 {[%emt 0:01:12]} 44. Ra1 {[%emt 0:03:27]} Ke7 {[%emt 0:01:45]} 45. Ra2 {[%emt 0:03:19]} Kd6 {[%emt 0:00:52]} 46. Re2 {[%emt 0:00:56]} Re8 {[%emt 0:00:24]} 47. Re3 {[%emt 0:00:36]} Rcc8 {[%emt 0:02:15]} 48. d5 {[%emt 0:03:41]} Rxe3+ {[%emt 0:00:58]} 49. Kxe3 {[%emt 0:00:39]} cxd5 {[%emt 0:00:22]} 50. Rxd5+ {[%emt 0:00:14]} Ke6 {[%emt 0:00:38]} 51. Rd4 {[%emt 0:00:32]} Rc3+ {[%emt 0:01:27]} 52. Rd3 {[%emt 0:00:10]} Rxd3+ {[%emt 0:02:23]} 53. Kxd3 {[%emt 0:00:11]} Ke5 {[%emt 0:00:06]} 54. Ke3 {[%emt 0:00:35]} Be8 {[%emt 0:00:49]} 55. g4 {[%emt 0:00:37]} hxg4 {[%emt 0:00:48]} 56. hxg4 {[%emt 0:00:06]} f4+ {[%emt 0:00:14]} 57. Kd3 {[%emt 0:00:10]} g5 {[%emt 0:00:17]} 58. Be4 {[%emt 0:00:12]} Bd7 {[%emt 0:00:21]} 59. f3 {[%emt 0:00:09]} Be8 {[%emt 0:00:23]} 60. Kc3 {[%emt 0:00:31]} Bd7 {[%emt 0:00:34]} 1/2-1/2

[Event "Kerkinitida 2021"]
[Site "Yevpatoria"]
[Date "2021.10.22"]
[Round "4.8"]
[White "Samson, Anna Rao. T"]
[Black "Aryslanov, Leonidas"]
[Result "1-0"]
[WhiteElo "1573"]
[BlackElo "1121"]
[Annotator "NA"]
[PlyCount "121"]
[EventDate "2021.10.19"]
[EventType "swiss"]
[SourceTitle "playchess.com"]
[Source "ChessBase"]
[SourceQuality "1"]
[TimeControl "5400+30"]

1. e4 {[%emt 0:00:03]} e6 {[%emt 0:00:36]} 2. Nf3 {[%emt 0:00:06]} Nc6 {[%emt 0:01:02]} 3. Bb5 {[%emt 0:00:11]} Qe7 {[%emt 0:00:24]} 4. Nc3 {[%emt 0:00:22]} a6 {[%emt 0:00:40]} 5. Bxc6 {[%emt 0:00:22]} bxc6 {[%emt 0:00:19]} 6. d4 {[%emt 0:00:19]} g6 {[%emt 0:01:17]} 7. e5 {[%emt 0:00:25]} h6 {[%emt 0:00:55]} 8. O-O {[%emt 0:00:20]} f6 {[%emt 0:00:39]} 9. Bf4 {[%emt 0:01:04]} fxe5 {[%emt 0:00:41]} 10. Bxe5 {[%emt 0:00:05]} Bg7 {[%emt 0:00:50]} 11. Bxc7 {[%emt 0:00:51]} d6 {[%emt 0:00:20]} 12. Ba5 {[%emt 0:00:25]} Nf6 {[%emt 0:00:36]} 13. Bb4 {[%emt 0:00:40]} O-O {[%emt 0:00:35]} 14. Ne5 {[%emt 0:00:48]} Qb7 {[%emt 0:05:41]} 15. Bxd6 {[%emt 0:00:44]} Rd8 {[%emt 0:00:56]} 16. Bc5 {[%emt 0:00:17]} Nd5 {[%emt 0:00:48]} 17. Nxg6 {[%emt 0:00:55]} Nxc3 {[%emt 0:00:40]} 18. bxc3 {[%emt 0:00:17]} Kh7 {[%emt 0:00:48]} 19. Qd3 {[%emt 0:00:29]} Kg8 {[%emt 0:00:38]} 20. Ne7+ {[%emt 0:00:29]} Kh8 {[%emt 0:00:19]} 21. Ng6+ {[%emt 0:00:37]} Kg8 {[%emt 0:00:17]} 22. Rfe1 {[%emt 0:04:10]} Qf7 {[%emt 0:01:15]} 23. Re3 {[%emt 0:00:30]} Bd7 {[%emt 0:00:40]} 24. Rf3 {[%emt 0:00:42]} Bf6 {[%emt 0:00:25]} 25. Rg3 {[%emt 0:00:43]} Bg5 {[%emt 0:00:20]} 26. h4 {[%emt 0:00:50]} Kh7 {[%emt 0:00:50]} 27. Ne5+ {[%emt 0:00:18]} Qf5 {[%emt 0:00:13]} 28. Qxf5+ {[%emt 0:00:19]} exf5 {[%emt 0:00:10]} 29. hxg5 {[%emt 0:00:08]} hxg5 {[%emt 0:00:09]} 30. f3 {[%emt 0:00:23]} f4 {[%emt 0:00:25]} 31. Rxg5 {[%emt 0:00:07]} Rg8 {[%emt 0:00:18]} 32. Rxg8 {[%emt 0:00:33]} Rxg8 {[%emt 0:00:09]} 33. Nxd7 {[%emt 0:00:07]} Rd8 {[%emt 0:00:14]} 34. Ne5 {[%emt 0:00:37]} Rc8 {[%emt 0:00:38]} 35. Kf2 {[%emt 0:00:10]} a5 {[%emt 0:00:10]} 36. Rh1+ {[%emt 0:00:31]} Kg7 {[%emt 0:00:07]} 37. Rh4 {[%emt 0:00:07]} Rh8 {[%emt 0:00:14]} 38. Rxh8 {[%emt 0:00:29]} Kxh8 {[%emt 0:00:07]} 39. Nxc6 {[%emt 0:00:00]} Kg7 {[%emt 0:00:06]} 40. Nxa5 {[%emt 0:00:04]} Kf6 {[%emt 0:00:27]} 41. Bd6 {[%emt 0:00:39]} Ke6 {[%emt 0:00:09]} 42. Bxf4 {[%emt 0:00:27]} Kd5 {[%emt 0:00:09]} 43. g4 {[%emt 0:00:13]} Ke6 {[%emt 0:00:07]} 44. g5 {[%emt 0:00:06]} Kf5 {[%emt 0:00:03]} 45. Be3 {[%emt 0:00:12]} Kg6 {[%emt 0:00:09]} 46. d5 {[%emt 0:00:08]} Kf7 {[%emt 0:00:16]} 47. d6 {[%emt 0:00:10]} Ke6 {[%emt 0:00:28]} 48. g6 {[%emt 0:00:10]} Kxd6 {[%emt 0:00:03]} 49. g7 {[%emt 0:00:05]} Ke6 {[%emt 0:00:25]} 50. g8=Q+ {[%emt 0:00:10]} Kf6 {[%emt 0:00:05]} 51. Bd4+ {[%emt 0:00:09]} Ke7 {[%emt 0:00:11]} 52. Nc6+ {[%emt 0:00:23]} Kd6 {[%emt 0:00:19]} 53. f4 {[%emt 0:00:30]} Kxc6 {[%emt 0:00:13]} 54. f5 {[%emt 0:00:09]} Kd7 {[%emt 0:00:12]} 55. Qe6+ {[%emt 0:00:20]} Kc7 {[%emt 0:00:09]} 56. f6 {[%emt 0:00:09]} Kb7 {[%emt 0:00:07]} 57. f7 {[%emt 0:00:18]} Kc7 {[%emt 0:00:05]} 58. f8=Q {[%emt 0:00:09]} Kb7 {[%emt 0:00:15]} 59. Qfe7+ {[%emt 0:00:18]} Ka8 {[%emt 0:00:13]} 60. Q6d7 {[%emt 0:00:31]} Kb8 {[%emt 0:00:13]} 61. Qdd8# {[%emt 0:00:09]} 1-0